MDQL
is popping MORE tags! Check the
thread
!
Quizzes
Events
Quiz Creation
Community
Videos
Private Events
Remove Ads
Sign In
Join for FREE
Feedback
Dark Mode
Quiz Categories
Sports
Geography
Music
Movies
Television
Just For Fun
Miscellaneous
History
Literature
Language
Science
Gaming
Entertainment
Religion
Holiday
For Kids
Quiz Lab
Recent
Popular Today
Quiz Kudos Today
Editor Picks
Curator Picks
Quizzes by...
Day
Popularity
Type
Ratings
Length
Year
Community
Subscriptions
Recent Discussions
Orange Saloon
Badges
Playlists
Quests
Create
Leaderboards
Showdown
Live 5
Trivia Bingo
Activity
Puzzle Library
Sporcle Events
Private Events
Virtual Trivia
Globe League
Become a Host
Pub Owners
SporcleCon
Opinionation
Our Games
Videos
Blog
Mobile Apps
Partnerships
Remove Ads and Go Orange
Feedback
Music
Pop Music
The Beatles
Song
Album
Lyrics
Bands
Singers
Artist
Clip
Rock
Rap
Classical
Billboard
Country Music
Kpop
Taylor Swift
Music
Pop Music
The Beatles
Song
Album
Lyrics
Bands
Singers
Artist
Clip
Rock
Rap
Classical
Billboard
Country Music
Kpop
Taylor Swift
Random Quiz
Search Sporcle
×
Quiz Lab
Quiz Lab
Music
Believe
Type in answers that appear in a list
Type in answers that appear in a list
Classic
Best Score? Go Orange.
Lyrics: 'What A Fool Believes' by The Doobie Brothers Stats
Can you name the lyrics to 'What A Fool Believes' by The Doobie Brothers?
By
yeehaw_buckaroo
8m
188 Questions
676 Plays
676 Plays
676 Plays
Comments
Comments
Give Quiz Kudos
Give Quiz Kudos
-
- Ratings
hide this ad
Replay
Link that replays current quiz
Next Quiz
Link to next quiz in quiz playlist
You Got
0%
They Got
Avg Score
81%
Avg Friend Score
Upgrade to see
Score Distribution
Jump to the score distribution portion of the page
Score
0/188
Timer
08:00
0
Plays Today
% Correct
fool
99.6%
fool
99.6%
fool
99.6%
what
99.1%
be
99.1%
what
99.1%
What
99.1%
What
99.1%
be
99.1%
What
99.1%
What
99.1%
be
99.1%
The
99%
a
99%
a
99%
a
99%
the
99%
and
99%
a
99%
a
99%
a
99%
the
99%
and
99%
He
97.8%
to
97.8%
to
97.8%
he
97.8%
to
97.8%
to
97.8%
He
97.8%
he
97.8%
to
97.8%
believes
97.8%
he
97.8%
to
97.8%
to
97.8%
he
97.8%
he
97.8%
he
97.8%
to
97.8%
believes
97.8%
he
97.8%
to
97.8%
to
97.8%
in
96.6%
in
96.6%
in
96.6%
in
96.6%
in
96.6%
in
96.6%
She
94.7%
She
94.7%
she
94.7%
She
94.7%
her
94.5%
her
94.5%
her
94.5%
her
94.5%
her
94.5%
her
94.5%
her
94.5%
her
94.5%
her
94.5%
% Correct
her
94.5%
believe
92.3%
see
92.2%
from
91.7%
somewhere
91.1%
back
91.1%
somewhere
91.1%
back
91.1%
somewhere,
91.1%
his
90.7%
his
90.7%
No
90.7%
his
90.7%
No
90.7%
came
90.4%
long
90.4%
long
90.4%
ago
90.1%
ago
90.1%
had
89.3%
had
89.3%
had
89.3%
has
88.9%
has
88.9%
man
88.6%
man
88.6%
life
85.9%
life
85.9%
life
85.9%
life,
85.9%
power
85.7%
power
85.7%
wise
83.7%
wise
83.7%
place
83%
place
83%
place
83%
go
82.5%
go
82.5%
know
82.2%
know
82.2%
away
81.5%
away
81.5%
sees
81.4%
sees
81.4%
would
80.2%
would
80.2%
created
79.7%
As
79.7%
As
79.7%
for
79.4%
never
79.4%
never
79.4%
never
79.4%
never
79.4%
yet
78.3%
rises
76.9%
rises
76.9%
apology
76.8%
else
76.8%
apology
76.8%
else
76.8%
he's
76%
% Correct
he's
76%
surely
75.1%
surely
75.1%
it
74.3%
anybody
74.3%
anybody
74.3%
reason
73.1%
reason
73.1%
was
72.8%
watching
72.2%
watching
72.2%
hard
71.3%
recreate
70.1%
sentimental
70%
made
70%
made
70%
all
69.8%
all...
69.8%
think
69.7%
think
69.7%
is
68.8%
is
68.8%
can
68.6%
nothing,
68.5%
nothing
68.5%
nothing,
68.5%
nothing
68.5%
Trying
68.3%
nostalgic
68.2%
at
67.8%
at
67.8%
twice
67.5%
twice
67.5%
once
64.5%
really
62%
smile
61.5%
always
61.4%
always
61.4%
wanted
59%
say,
58.3%
only
57.2%
seems
57.2%
seems
57.2%
than
56.8%
than
56.8%
realize
55.5%
musters
54.6%
there's
54.1%
better
53.8%
better
53.8%
will
50%
tale,
49.4%
him
48.4%
still
48.1%
where
47.5%
don't
46.7%
coming
45.6%
Someday,
43.2%
near
42.9%
return.
37.7%
keeps
36.4%
sending
33%
Quiz Playlist
Details
Report
Send in Message
Add To Playlist
Classic:
Type in answers that appear in a list
Quiz Source
Last Updated: Feb 16, 2017
Quiz Scoreboard
CHALLENGE
Sign Up to Join the Scoreboard
Show All
Scores
Hide
Comments
May contain spoilers
Recently Published
Two Season TV Shows II
by 123Four
Television
10m
Image Sorting: Flags VI
by Barbecue
Geography
2m
Find the 'City' Movie
by crazypaving
Movies
60s
More to Explore
Quiz From the Vault
Featured Blog Post
14 Easter Pick-up Lines to Find Eggs With
hide this ad
You Might Also Like...
Tags
Believe
Brother
fool
Today's Top Quizzes in Music
Browse Music
hide this ad
Today's Top Quizzes in Believe
Browse Believe
Top Contributed Quizzes in Music
1
5X2 Blitz: Bands II
2
5X2 Blitz: The Beatles
3
Taylor Swift All Songs (2024)
4
5X2 Blitz: Billboard
5
5X2 Blitz: Billboard II
6
5X2 Blitz: Album
7
5X2 Blitz: Singers
8
5X2 Blitz: Rock
9
Music Artist by Three 2010s hits
10
5X2 Blitz: Lyrics
Explore More
Trending Topics
NBA
Marvel
Kpop
Crossword
Anime
Disney
Harry Potter
Puzzle
The Office
Soccer
Country
WWE
Song
Pokémon
NFL
hide this ad
More By:
yeehaw_buckaroo
Quiz
Plays
Rating
Category
Featured
Created
Lyrics: 'What A Fool Believes' by The Doobie Brothers
676
5.00
Music
Sep 3, 2013
Lyrics: 'Black Water' by The Doobie Brothers
507
5.00
Music
Sep 3, 2013
'You Never Even Called Me By My Name' Lyrics
464
5.00
Music
Sep 2, 2013
Go to Creator's Profile
Score Distribution
Quiz Creator Spotlight
yeehaw_buckaroo
Follow
Send a Message
Quizzes Created
-
Created Quiz Play Count
-
More By This Creator
Popular Quizzes Today
1
Find the US States - No Outlines Minefield
2
Colored Red Africa Blitz
3
Find the 'City' Movie
4
5x2 Blitz: Bands
5
The Countries of the World
6
Find the Countries of Europe - No Outlines Minefield
7
Find the US States
8
US States
More Music Quizzes
5x5 Image Crossword: Bands
Published
Trending Quizzes
Colored Red Europe Blitz I
Colored Red Africa Blitz II
Colored Red Europe Blitz II
Colored Red Europe Blitz III
Colored Red Africa Blitz III
Recently Updated
How Do You Spell That?
pecheneg
Godzilla Movies
pecheneg
Grab Bag: 4-10 Letters
pecheneg
2024 March Madness Bracket
pecheneg
Famous TV Couples
Peacemaker
Champions League XIs: Real Madrid
pecheneg
Largest US Cities 1790-2010
pecheneg
Rides in Walt Disney World
pecheneg
Most Oscar Losses (Acting)
pecheneg
Beyoncé Albums
pecheneg
Trending Topics
Marvel
Kpop
NBA
Anime
Harry Potter
Crossword
Disney
Song
Puzzle
Country
The Office
Soccer
WWE
NFL
Pokémon
Your Account Isn't Verified!
In order to create a playlist on Sporcle, you need to verify the email address you used during registration. Go to your
Sporcle Settings
to finish the process.
Report this User
Report this user for behavior that violates our
Community Guidelines
.
Details:
Send Report
Go to the Sporcle.com Mobile Site →
Comments